000 00663nam a2200205Ia 4500
003 GCL
008 140319s9999 xx 000 0 ara d
020 _a6178245977
040 _aGCL /
_cGCL
082 0 4 _a267.7
_bع ت
100 1 _aعبدالبارى محمد داود
245 1 0 _aالتوكل عند الصوفية /
_cعبدالبارى محمد داود
250 _aالاولى
260 _aالقاهرة :
_bدار نهضة الشرق ،
_c2002
300 _a238 ص ؛
_c28 سم
650 0 4 _aالتصوف الاسلامى
650 0 4 _aالاخلاق الاسلامية
650 0 4 _aالصوفية انظر التصوف
942 _2ddc
_cBK
999 _c50863
_d50863